PRVÉ NÁLEZY STAROSLOVENSKÝCH RADOVÝCH POHREBÍŠŤ HRADIŠTNÝCH NA STREDNOM SLOVENSKU.

Bibliographic Details
Main Author: Budinský-Krička, Vojtech, 1903-1993 (Author)
Format: Article
Language:Slovak
Subjects:

MARC

LEADER 00000nab a2200000ua 4500
001 vtls010811000
003 SK-MaSNL
005 20260304000746.0
008 230222s xo |||||||||||||||||slo|
035 |a (urnnbn)urn:nbn:sk:snk:ar-001wwf 
035 |a urn:nbn:sk:snk-ab5g9p 
035 |a (uuid)78a2b440-2225-4bea-ad76-b76b61aefb81 
040 |a SNKBUCL  |b slo  |c SNKBUCL  |e AACR2 
041 0 |a slo 
044 |a xo  |c SK 
100 1 |a Budinský-Krička, Vojtech,  |d 1903-1993  |4 aut  |9 256521 
245 1 0 |a PRVÉ NÁLEZY STAROSLOVENSKÝCH RADOVÝCH POHREBÍŠŤ HRADIŠTNÝCH NA STREDNOM SLOVENSKU.  |c Vojtech Budinský Krička 
650 0 7 |a pohrebiská  |2 SNKPH  |9 30462 
650 0 7 |a archeologické nálezy  |2 SNKPH  |9 4975 
650 0 7 |a archeologické výskumy  |2 SNKPH  |9 74796 
651 7 |a Slovensko stredné  |2 SNKPHgeo 
655 7 |a štúdie  |2 SNKPH  |9 57033 
773 0 |t Sborník Museálnej slovenskej spoločnosti : [príloha k Časopisu Museálnej slovenskej spoločnosti]  |g Roč. 36-37, č. 1 (1942-1943), s. [12a]-62 
954 |a odborná, vedecká literatúra pôvodná (slovenská)  |2 lita 
958 |a OND 
958 |a EUIPO 
958 |a article5 
999 |c 2532921  |d 2534851